Dánsko /

Hlavní autor: Pavlík, Jaroslav Vincenc, 1931-
Jazyk: Čeština
Vydáno: Opava : Filozofická fakulta Masarykovy univerzity, 1991
Edice: Mezinárodní vztahy
Témata:
Fyzický popis: 84 s. ; 24 cm
Knihy
Uloženo v:
LEADER 01049nam a22003252a 4500
001 000655954
003 CZ BrMZK
005 20060303123126.0
007 ta
008 010907s1991 xr f cze d
015 |a cnb000063641 
020 |q (Brož.) 
035 |a (OCoLC)39597963 
040 |a ABA001  |b cze  |d BOA002  |d ABA001 
080 |a 908.489  |2 MRF 
100 1 |a Pavlík, Jaroslav Vincenc,  |d 1931-  |7 ola2002106493  |4 aut 
245 1 0 |a Dánsko /  |c Jaroslav Vincenc Pavlík 
260 |a Opava :  |b Filozofická fakulta Masarykovy univerzity,  |c 1991 
300 |a 84 s. ;  |c 24 cm 
490 1 |a Mezinárodní vztahy ;  |v č. 2 
500 |a Vyd. ve spolupráci s dán. městem Holstebro 
500 |a Zdobený tit. list 
500 |a 200 výt 
655 7 |a brožury  |7 fd131925  |2 czenas 
830 0 |a Mezinárodní vztahy 
910 |a BOA001  |b 2-0968.280  |b PK-0114.930 
920 |a 000046804 
964 |a Dánsko - reálie - brožury 
990 |a BK 
996 7 |b 3119982794  |c PK-0114.930  |l MZK  |r Sklad / do 1 hodiny  |n 14  |w 000655954  |u 000020  |a 1  |e BOA001  |j MZK50  |s A